In praise of doubt : (Record no. 122799)
[ view plain ]
| 000 -LEADER | |
|---|---|
| fixed length control field | 01213cam a22003494a 4500 |
| 001 - CONTROL NUMBER | |
| control field | 7321591 |
| 003 - CONTROL NUMBER IDENTIFIER | |
| control field | ARRUPE |
| 005 - DATE AND TIME OF LATEST TRANSACTION | |
| control field | 20150504142102.0 |
| 008 - FIXED-LENGTH DATA ELEMENTS--GENERAL INFORMATION | |
| fixed length control field | 090106s2009 nyu 001 0 eng |
| 010 ## - LIBRARY OF CONGRESS CONTROL NUMBER | |
| LC control number | 2008055098 |
| 020 ## - INTERNATIONAL STANDARD BOOK NUMBER | |
| International Standard Book Number | 9780061778162 |
| 020 ## - INTERNATIONAL STANDARD BOOK NUMBER | |
| International Standard Book Number | 0061778168 |
| 024 ## - OTHER STANDARD IDENTIFIER | |
| Standard number or code | 40017010013 |
| 035 ## - SYSTEM CONTROL NUMBER | |
| System control number | (OCoLC)ocn262884218 |
| 035 ## - SYSTEM CONTROL NUMBER | |
| System control number | (NNC)7321591 |
| 035 ## - SYSTEM CONTROL NUMBER | |
| System control number | (OCoLC)262884218 |
| 040 ## - CATALOGING SOURCE | |
| Original cataloging agency | DLC |
| Transcribing agency | DLC |
| Modifying agency | YDX |
| -- | BTCTA |
| -- | YDXCP |
| 050 00 - LIBRARY OF CONGRESS CALL NUMBER | |
| Classification number | BD215 |
| Item number | .B47 2009 |
| 082 00 - DEWEY DECIMAL CLASSIFICATION NUMBER | |
| Classification number | 121/.63 |
| Edition number | 22 |
| 300 ## - PHYSICAL DESCRIPTION | |
| Dimensions | 22 cm. |
| 100 1# - MAIN ENTRY--PERSONAL NAME | |
| Personal name | Berger, Peter L., |
| Dates associated with a name | 1929- |
| 9 (RLIN) | 188 |
| 245 10 - TITLE STATEMENT | |
| Title | In praise of doubt : |
| Remainder of title | how to have convictions without becoming a fanatic / |
| Statement of responsibility, etc | Peter L. Berger and Anton C. Zijderveld. |
| 250 ## - EDITION STATEMENT | |
| Edition statement | 1st ed. |
| 260 ## - PUBLICATION, DISTRIBUTION, ETC. (IMPRINT) | |
| Place of publication, distribution, etc | New York : |
| Name of publisher, distributor, etc | HarperOne/HarperCollins Publishers, |
| Date of publication, distribution, etc | c2009. |
| 300 ## - PHYSICAL DESCRIPTION | |
| Extent | viii, 179 p. ; |
| 505 0# - FORMATTED CONTENTS NOTE | |
| Formatted contents note | The many gods of modernity -- The dynamics of relativization -- Relativism -- Fundamentalism -- Certainty and doubt -- The limits of doubt -- The politics of moderation. |
| 650 #0 - SUBJECT ADDED ENTRY--TOPICAL TERM | |
| Topical term or geographic name as entry element | Belief and doubt. |
| 9 (RLIN) | 17660 |
| 650 #0 - SUBJECT ADDED ENTRY--TOPICAL TERM | |
| Topical term or geographic name as entry element | Certainty. |
| 9 (RLIN) | 17661 |
| 700 1# - ADDED ENTRY--PERSONAL NAME | |
| Personal name | Zijderveld, Anton C., |
| Dates associated with a name | 1937- |
| 9 (RLIN) | 17662 |
| 942 ## - ADDED ENTRY ELEMENTS (KOHA) | |
| Source of classification or shelving scheme | Library of Congress Classification |
| Koha item type | Monograph ( Printed materials) |
| 948 1# - LOCAL PROCESSING INFORMATION (OCLC); SERIES PART DESIGNATOR (RLIN) | |
| Series part designator, SPT (RLIN) | 20090910 |
| b (OCLC) | c |
| c (OCLC) | sl13 |
| d (OCLC) | MPS |
| Withdrawn status | Lost status | Source of classification or shelving scheme | Damaged status | Not for loan | Collection code | Home library | Current library | Shelving location | Date acquired | Total Checkouts | Full call number | Barcode | Date last seen | Price effective from | Koha item type |
|---|---|---|---|---|---|---|---|---|---|---|---|---|---|---|---|
| Library of Congress Classification | Main Collection | ARRUPE LIBRARY | ARRUPE LIBRARY | Main Collection | 04/05/2015 | BD215.B47 2009 | 46500002396 | 04/05/2015 | 04/05/2015 | Monograph ( Printed materials) |